Webster's family encyclopedia. (Rekord nr 41464)
| 000 -ETYKIETA REKORDU | |
|---|---|
| podpole kontrolne o stałej długości | 00489nam a2200157 i 4500 |
| 001 - NUMER KONTROLNY REKORDU | |
| pole kontrolne | bgj |
| 040 ## - ŹRÓDŁO KATALOGOWANIA | |
| Instytucja, która utworzyła rekord | BPK |
| 041 0# - KOD JĘZYKA | |
| Kod języka tekstu | eng |
| 008 - POLE O STAŁEJ DŁUGOŚCI - DANE KONTROLNE | |
| podpole kontrolne o stałej długości | s uk f |000 0 eng |
| 245 00 - TYTUŁ/ODPOWIEDZIALNOŚĆ | |
| Tytuł | Webster's family encyclopedia. |
| Oznaczenie części/sekcji dzieła | Vol. 12, |
| Tytuł części/sekcji dzieła | Woo-Z : Index / |
| Pozostałe elementy strefy tytułu i oznaczenia odpowiedzialności | Stephen P. Elliott, editor. |
| 260 ## - STREFA ADRESU WYDAWNICZEGO | |
| Miejsce wydania | New York : |
| Nazwa wydawcy/dystrybutora | Arrow Trading Co., Inc., |
| Data publikacji, dystrybucji/powstania dokumentu | c. 1987. |
| 300 ## - STREFA OPISU FIZYCZNEGO | |
| Objętość | 251 pp. : |
| Inne cechy fizyczne | ill., maps ; |
| Rozmiary | 21 cm. |
| 650 #9 - HASŁO PRZEDMIOTOWE W FORMIE NAZWY OGÓLNEJ LUB JEDNOSTKOWEJ | |
| Nazwa ogólna lub geograficzna | Encyclopedies and Dictionaries |
| 700 1# - HASŁO DODATKOWE - NAZWA OSOBOWA | |
| Nazwa osobowa | ELLIOTT, Stephen |
| Numeracja związana z nazwą | P. |
| Określenie związku między hasłem a opisywanym materiałem | editor |
| 942 ## - DODATKOWE ELEMENTY (KOHA) | |
| Typ dokumentu | Książka |
| Wycofany | Status egzemplarza | Uszkodzony | Dostępność | Lokalizacja stała | Lokalizacja bieżąca | Miejsce przechowywania | Sygnatura | Kod kreskowy | Typ dokumentu |
|---|---|---|---|---|---|---|---|---|---|
| Dostępny | Biblioteka Politechniki Koszalińskiej | Biblioteka Politechniki Koszalińskiej | Wypożyczalnia Językowa | KA 2558 | 09055889 | Książka |
